Truyền thông đại chúng trong công tác lãnh đạo quản lý

Sách cung cấp những hiểu biết cơ bản về truyền thông đại chúng; hướng dẫn những kỹ năng, phương pháp cần thiết trong việc lãnh đạo, quản lý và cách ứng xử, giao tiếp với các phương tiện truyền thông đại chúng....

Ausführliche Beschreibung

Gespeichert in:
Bibliographische Detailangaben
1. Verfasser: Vũ Đình Hòe
Format: Buch
Sprache:Undetermined
Veröffentlicht: Hà Nội Chính Trị Quốc Gia 2000
Schlagworte:
Tags: Tag hinzufügen
Keine Tags, Fügen Sie den ersten Tag hinzu!
Thư viện lưu trữ: Trung tâm Học liệu Trường Đại học Cần Thơ
LEADER 00928nam a2200205Ia 4500
001 CTU_36224
008 210402s9999 xx 000 0 und d
020 |b 20.000đ 
082 |a 658.45 
082 |b H420 
100 |a Vũ Đình Hòe 
245 0 |a Truyền thông đại chúng trong công tác lãnh đạo quản lý 
245 0 |c Vũ Đình Hòe 
260 |a Hà Nội 
260 |b Chính Trị Quốc Gia 
260 |c 2000 
520 |a Sách cung cấp những hiểu biết cơ bản về truyền thông đại chúng; hướng dẫn những kỹ năng, phương pháp cần thiết trong việc lãnh đạo, quản lý và cách ứng xử, giao tiếp với các phương tiện truyền thông đại chúng. 
650 |a business communication 
904 |i Minh, 000420 
980 |a Trung tâm Học liệu Trường Đại học Cần Thơ